Documento firmado por Don José Armijo (Record no. 4621)

MARC details
000 -CABECERA
campo de control de longitud fija 01150nam a2200289 a 4500
001 - NÚMERO DE CONTROL
campo de control BRCA_4927
005 - FECHA Y HORA DE LA ÚLTIMA TRANSACCIÓN
campo de control 20190320204849.0
008 - DATOS DE LONGITUD FIJA--INFORMACIÓN GENERAL
campo de control de longitud fija 211010s1819----mx-######v---#000-0#spa-#
041 ## - CÓDIGO DE LENGUA
Código de lengua del texto/banda sonora o título independiente spa
044 ## - CÓDIGO DEL PAÍS DE LA ENTIDAD EDITORA/PRODUCTORA
Código MARC del país mx
084 ## - OTRO NÚMERO DE CLASIFICACIÓN
Número de clasificación DOC30
Número de documento/Ítem .A76
-- 1819
100 1# - ENTRADA PRINCIPAL--NOMBRE DE PERSONA
Nombre de persona Armijo, José
Títulos y otros términos asociados al nombre Militar
Término indicativo de función/relación 1774-1830
9 (RLIN) 12502
245 10 - MENCIÓN DE TÍTULO
Título Documento firmado por Don José Armijo
Mención de responsabilidad, etc. Don José Armijo, Don Manuel Reyes.
260 ## - PUBLICACIÓN, DISTRIBUCIÓN, ETC.
Lugar de publicación, distribución, etc. México
Fecha de publicación, distribución, etc. 1819
300 ## - DESCRIPCIÓN FÍSICA
Extensión [1] foja
Dimensiones 20 x 15 cm
500 ## - NOTA GENERAL
Nota general Documento firmado el 18 de diciembre de 1819
500 ## - NOTA GENERAL
Nota general Documento autógrafa de Don José Armijo dirigida a Don Manuel Reyes, fechada en Texupilco
500 ## - NOTA GENERAL
Nota general El documento tiene la leyenda DOC. #39
500 ## - NOTA GENERAL
Nota general Estado de conservación: Contiene anotaciones con tinta roja
506 0# - NOTA DE RESTRICCIONES AL ACCESO
Limitaciones de acceso Fondo reservado: para su consulta es necesario credencial de usuario y carta de motivos
546 ## - NOTA DE LENGUA/LENGUAJE
Nota de lengua/lenguaje Texto en: español de principios del siglo XIX
600 14 - PUNTO DE ACCESO ADICIONAL DE MATERIA--NOMBRE DE PERSONA
Nombre de persona Armijo, José Gabriel
Fechas asociadas al nombre 1774-1830
Término indicativo de función/relación Militar
9 (RLIN) 12503
651 #4 - PUNTO DE ACCESO ADICIONAL DE MATERIA--NOMBRE GEOGRÁFICO
Nombre geográfico México
Subdivisión de forma Manuscrito
Subdivisión general Historia
Subdivisión cronológica Guerra de la Independencia, 1810-1821
9 (RLIN) 12504
700 1# - PUNTO DE ACCESO ADICIONAL--NOMBRE DE PERSONA
Nombre de persona Reyes, Manuel
9 (RLIN) 12505
902 ## - CATALOGADOR
Iniciales FDH
942 ## - ELEMENTOS DE PUNTO DE ACCESO ADICIONAL (KOHA)
Fuente del sistema de clasificación o colocación Library of Congress Classification
Tipo de ítem Koha Documentos
Holdings
Estado de retiro Estado de pérdida Estado dañado No para préstamo Localización permanente Ubicación/localización actual Fecha de adquisición Total de préstamos Signatura topográfica completa Código de barras Fecha visto por última vez Precio válido a partir de Tipo de ítem Koha
El ejemplar forma parte de la colección y puede ser consultado según las políticas vigentes.       Biblioteca del Museo Franz Mayer (Rogerio Casas-Alatriste) Biblioteca del Museo Franz Mayer (Rogerio Casas-Alatriste) 21/10/2010   DOC30 .A76 1819 4988 22/03/2019 22/03/2019 Documentos